| 000 | 01619nam a2200349Ia 4500 | ||
|---|---|---|---|
| 001 | ebr10130649 | ||
| 003 | CaPaEBR | ||
| 006 | m u | ||
| 007 | cr cn||||||||| | ||
| 008 | 050718s2005 ne a sb 101 0 eng d | ||
| 010 | _z 2005930831 | ||
| 020 | _z1586035495 | ||
| 040 |
_aCaPaEBR _cCaPaEBR |
||
| 035 | _a(OCoLC)71300625 | ||
| 050 | 1 | 4 |
_aR858.A2 _bI68 2005eb |
| 082 | 0 | 4 |
_a610.285 _222 |
| 111 | 2 |
_aInternational Congress on Medical Informatics _n(19th : _d2005 : _cGeneva, Switzerland) |
|
| 245 | 1 | 0 |
_aConnecting medical informatics and bio-informatics _h[electronic resource] : _bproceedings of MIE2005, the XIXth International Congress of the European Federation for Medical Informatics / _cedited by Rolf Engelbrecht ... [et al.]. |
| 260 |
_aAmsterdam ; Oxford : _bIOS Press, _cc2005. |
||
| 300 |
_axix, 1032 p. : _bill. |
||
| 490 | 1 |
_aStudies in health technology and informatics, _x0926-9630 ; _vv. 116 |
|
| 504 | _aIncludes bibliographical references and index. | ||
| 533 |
_aElectronic reproduction. _bPalo Alto, Calif. : _cebrary, _d2011. _nAvailable via World Wide Web. _nAccess may be limited to ebrary affiliated libraries. |
||
| 650 | 0 |
_aBioinformatics _vCongresses. |
|
| 650 | 0 |
_aMedical informatics _vCongresses. |
|
| 655 | 7 |
_aElectronic books. _2local |
|
| 700 | 1 |
_aEngelbrecht, R. _q(Rolf) |
|
| 710 | 2 | _aebrary, Inc. | |
| 710 | 2 | _aEuropean Federation for Medical Informatics. | |
| 830 | 0 |
_aStudies in health technology and informatics ; _vv. 116. |
|
| 856 | 4 | 0 |
_uhttp://site.ebrary.com/lib/rucke/Doc?id=10130649 _zAn electronic book accessible through the World Wide Web; click to view |
| 999 |
_c77644 _d77644 |
||